The Description of the Polish Kingdom's Southern Territories in Rudjer Boskovic's "Journal d'un voyage de Constantinople en Pologne, fait a la suite de son excellence M. Jacq
| Titel: | The Description of the Polish Kingdom's Southern Territories in Rudjer Boskovic's "Journal d'un voyage de Constantinople en Pologne, fait a la suite de son excellence M. Jacq : Porter, Ambassadeur d'Angleterre" (1762) |
|---|---|
| Verfasser: | |
| In: |
Notions of the self, (2012), Seite 97-106 alle Artikel anzeigen |
| Veröffentlicht: | 2012 |
| Format: | Aufsatz |
| Sprache: | Deutsch |
X
alg: 39267982
001A $01999:11-11-16
001B $01999:06-04-21 $t20:51:35.000
001D $01999:11-11-16
001U $0utf8
001X $00
002@ $0Aox
003@ $0392679825
007A $0392679825 $aHEB
007T $0Herdc0097942m
010@ $ager
011@ $a2012
021A $aThe @Description of the Polish Kingdom's Southern Territories in Rudjer Boskovic's "Journal d'un voyage de Constantinople en Pologne, fait a la suite de son excellence M. Jacq $dPorter, Ambassadeur d'Angleterre" (1762)
028A $aKufel $dSławomir
031A $h97-106 $j2012
039B $aIn $8--Aau--. Notions of the self. - Zielona Góra {[u.a.] : Uniw. Zielonogórski {[u.a.], 2012. - 197 S.. - Ill.. - ISBN 978-83-7842-018-7 $x201200000000000903 $9313453519
045F $a900.943809032 $eDDC23BSB
045F/01 $a900
045F/03 $f09032
045F/03 $f9033
045F/03 $f9034
045F/03 $g438
lok: 39267982 78
exp: 39267982 78 1 #EPN
201B/01 $019-04-17 $t11:28:33.000
201U/01 $0utf8
203@/01 $0788779176
208@/01 $a11-11-16 $be
209A/01 $a/ $f000 $x00
220C/01 $aTitelaufnehmer: pg
220C/01 $aHerkunft: HI Marburg
220C/01 $aAnmerkung: *NG
244Z/01 $2Trx $#Poola $#Lenkija $#Polija $#Polen Land $#Poland $#Lengyelország $#Poľsko $#Polsko $8--Trx--Polska$gkraj $x01 $9391345966
244Z/01 $aGeschichte 1762 $x02
244Z/01 $2Trx $#reisikirjeldused $#kelionių aprašymai $#travel descriptions $#útleírások $#opisy podróży $#cestopisy $#cestopisy $8--Trx--Reisebeschreibungen $x03 $939138290X
244Z/01 $2Trx $#diplomaadid $#diplomatai $#diplomats $#diplomaták $#dyplomaci $#diplomati $#diplomaté $8--Trx--Diplomaten $x04 $9391380419
244Z/01 $2Trx $8--Trx--Einzelbeiträge $x05 $9391384570
245Z/01 $a06.03.03 $x01
247C/01 $82080>Marburg/Lahn, Herder-Institut, Forschungsbibliothek, Bibliographieportal $9336309341
| LEADER | 00000caa a22000002c 4500 | ||
|---|---|---|---|
| 001 | 392679825 | ||
| 003 | DE-603 | ||
| 005 | 20210406205135.0 | ||
| 007 | tu | ||
| 008 | 161111s2012 xx |||| | u00||u|ger c | ||
| 035 | |a (DE-599)HEB392679825 | ||
| 040 | |a DE-603 |b ger |c DE-603 |d DE-603 | ||
| 041 | |a ger | ||
| 082 | 0 | 4 | |8 1\u |a 900.943809032 |q DE-101 |2 23/BSB |
| 085 | |8 1\u |b 900 | ||
| 085 | |8 1\u |z 1 |s 09032 | ||
| 085 | |8 1\u |z 1 |s 9033 | ||
| 085 | |8 1\u |z 1 |s 9034 | ||
| 085 | |8 1\u |z 2 |s 438 | ||
| 100 | 1 | |a Kufel, Sławomir | |
| 245 | 0 | 0 | |a The Description of the Polish Kingdom's Southern Territories in Rudjer Boskovic's "Journal d'un voyage de Constantinople en Pologne, fait a la suite de son excellence M. Jacq |b Porter, Ambassadeur d'Angleterre" (1762) |
| 264 | 0 | |c 2012 | |
| 773 | 0 | 8 | |i In |t Notions of the self |d Zielona Góra [u.a.] : Uniw. Zielonogórski [u.a.], 2012 |h 197 S., Ill. |z 9788378420187 |g (2012), Seite 97-106 |w (DE-603)313453519 |
| 924 | 0 | |9 2080 |a (DE-603)788779176 |b DE-2080 |c HES |d d |g / | |


